LEADER 00998nam a2200193 i 4500 001 000000238175 003 CaOOAMICUS 005 20150121000000.0 008 150121s1743 it u000 u lat u 013 $a217080 026 $aM.n- m.n- l.um ripo (3) 1743 (R) 040 $aSeMil$bita 245 10$aTomus 2. 300 $aXL, 647, [1] p. 500 $aSegn. : a-e4 A-4M4. 773 0 $aOrigenes $tOrigenis Opera omnia et quae ejus nomine circumferuntur Latine versa et ex variis editionibus & codicibus manu exaratis Gallicis Italicis Germanicis & Anglicis collecta, recensita, atque annotationibus illustrata, cum copiosis indicibus, ... Ex recentissima editione Parisiensi domni Caroli Delarue presbyteri & monachi Benedictini e Congregatione s. Mauri. Tomus 1. [-3.].$dVenetiis : Sumptibus Societatis, 1743.$g2$w()31289 850 $aSeMil 852 $aSeMil$W1$xVenegono$y1$m2S VIII 9 FA$j188521$B188521$CSeMilBibl$Z2$F199262 $8I 996 $6245$aTomus 2$9(OLS)http://semarc/title/93022 LEADER 01365nam a2200265 i 4500 001 000000061265 003 CaOOAMICUS 005 20040622000000.0 008 040622s1990 it u000 u ita u 013 $a32437 040 $aSeMil$bita 100 1 $aLombardia : Servizio musei e beni culturali.$0(OLS)http://semarc/name/31141 245 10$aInventariazione, catalogazione e sistemi informativi nei musei lombardi /$cRegione Lombardia, settore Cultura e Informazione ; a cura di Alberto Garlandini e Fulvia Premoli. 260 $aMilano :$bServizio Musei e Beni culturali,$c1990. 300 $a140 p. ;$c29 cm. 490 0 $aQuaderni del Servizio Musei e Beni Culturali ;$v3 650 4$aLombardia - Musei.$0(OLS)http://semarc/subject/30487 700 1 $aPremoli, Fulvia.$0(OLS)http://semarc/name/31142 700 1 $aGarlandini, Alberto.$0(OLS)http://semarc/name/4404 830 0$aQuaderni del Servizio Musei e Beni Culturali ;$v3.$0(OLS)http://semarc/title/15653 850 $aSeMil 852 $aSeMil$W1$xVenegono$y1$m5Q XI 7$j27418$B27418$CSeMilBibl$Z2$F27421 $8I 961 $aOmaggio: Lombardia : Giunta regionale 996 $6245$aInventariazione, catalogazione e sistemi informativi nei musei lombardi$9(OLS)http://semarc/title/96242 996 $6260$aMilano :$bServizio Musei e Beni culturali$9(OLS)http://semarc/publisher/33263